Le Avventure di Pinocchio Illustrazioni di Chiara Narduzzi

সংরক্ষণ করুন:
গ্রন্থ-পঞ্জীর বিবরন
প্রধান লেখক: Collodi, Carlo
অন্যান্য লেখক: Narduzzi, Chiara
বিন্যাস: গ্রন্থ
ভাষা:ইংরেজি
প্রকাশিত: Viterbo Galeotti Editore 2024
ট্যাগগুলো: ট্যাগ যুক্ত করুন
কোনো ট্যাগ নেই, প্রথমজন হিসাবে ট্যাগ করুন!

MARC

LEADER 00000nam a2200000 4500
003 Arcigay Viterbo
005 20251202190428.0
008 251202b |||||||| |||| 00| 0 eng d
020 |a 9788894599435 
040 |c Arcigay Viterbo 
100 |a Collodi, Carlo 
245 |a Le Avventure di Pinocchio  |b Illustrazioni di Chiara Narduzzi  |c Carlo Collodi 
260 |a Viterbo  |b Galeotti Editore  |c 2024 
700 |a Narduzzi, Chiara 
942 |2 ddc  |c BK  |n 0 
952 |0 0  |1 0  |2 ddc  |4 0  |6 853_800000000000000_COL_AVV  |7 0  |9 10024  |a VT  |b VT  |d 2025-12-02  |e Dono di Lorenzo Abbate  |i B321  |l 0  |o 853.8 COL AVV  |p B321  |r 2025-12-02 19:06:17  |w 2025-12-02  |y BK  |z Dono di Lorenzo Abbate 
999 |c 8360  |d 8360